Cinema Paradiso
Cinema Paradiso es una película italiana dramática que constituye un retrato sentimental de la Italia de la posguerra y una declaración de amor al cine. Narra la historia de Salvatore, un niño de un pueblecito italiano en el que el único pasatiempo es ir al cine. Subyugado por las imágenes en movimi...
Guardado en:
| Autor Principal: | |
|---|---|
| Autor Corporativo: | |
| Otros Autores: | , , , , , |
| Formato: | |
| Idioma: | Undetermined |
| Publicado: |
Italia,
1988.
|
| Materias: | |
| Etiquetas: |
Agregar Etiqueta
Sin Etiquetas, Sea el primero en etiquetar este registro!
|
| LEADER | 01651ngm a22002895a 4500 | ||
|---|---|---|---|
| 001 | CEM.cems020012 | ||
| 008 | 230424s1988####xx#---############vlund#d | ||
| 005 | 20230424211109.0 | ||
| 245 | 1 | 0 | |a Cinema Paradiso |h [videograbación] / |c Giuseppe Tornatore. |
| 260 | |a Italia, |c 1988. | ||
| 300 | |a 124'. | ||
| 520 | |a Cinema Paradiso es una película italiana dramática que constituye un retrato sentimental de la Italia de la posguerra y una declaración de amor al cine. Narra la historia de Salvatore, un niño de un pueblecito italiano en el que el único pasatiempo es ir al cine. Subyugado por las imágenes en movimiento, el chico cree ciegamente que el cine es magia. Un día, Alfredo, el operador, accede a enseñarle al pequeño los misterios y secretos que se ocultan detrás de una película. Salvatore va creciendo y llega el momento en el que debe abandonar el pueblo y buscarse la vida. Treinta años después recibe un mensaje, en el que le comunican que debe volver a casa. | ||
| 538 | |a Soporte: DVD -- Peso: 3.81gb -- Resolución: 720 x 480 -- 29.97fps | ||
| 590 | |a Identificación anterior: 12 | ||
| 500 | |a Título en idioma original: Nuovo Cinema Paradiso. | ||
| 100 | 1 | |a Tornatore, Giuseppe. | |
| 700 | 1 | |a Morricone, Ennio; Música. | |
| 700 | 1 | |a Morricone, Andrea; Música. | |
| 700 | 1 | |a Cristaldi, Franco; Producción. | |
| 700 | 1 | |a Noiret, Philippe; Reparto. | |
| 700 | 1 | |a Cascio, Salvatore; Reparto. | |
| 700 | 1 | |a Leonardi, Marco; Reparto. | |
| 710 | 2 | |a Ariane Films. | |
| 653 | |a LARGOMETRAJE | ||
| 653 | |a FICCIÓN | ||
| 653 | |a MELODRAMA | ||
| 859 | |a CEMS |b BIB. CEMS - Depto. Recursos Didacticos |h 778.5 |i TOR |k DRD |p 2970.23 |t Ej.1 | ||
